=LDR 00000nam 2200000 4500 =001 INLIS000000000007355 =005 20130612095352 =008 ***********************************Ind** =035 ##$$0010-061300000007355 =041 ##$$a Ind =082 ##$$a 2x1 =090 ##$$a 2x1, Azi m =100 ##$$a Aziz, H.N.R. Abdul =245 ##$$a Mata pelajaran Qur'an hadits untuk Madrasah Aliyah kelas 3, H.M.R. Abdul Aziz =260 ##$$a 1996 $b Semarang =300 ##$$a 163 hlm., 21 cm =650 ##$$a Al-Qur'an